Cuentos

Guardado en:
Detalles Bibliográficos
Autor principal: Quiroga, Horacio (Autor)
Formato: Libro
Lenguaje:español
Publicado: Montevideo Arca 1968
Colección:Obras inéditas y desconocidas, 4
Materias:
Etiquetas: Agregar Etiqueta
Sin Etiquetas, Sea el primero en etiquetar este registro!

MARC

LEADER 00000nam a2200000 a 4500
001 UCW5541
003 CL-VaPUC
008 910604e19680000UY |||||||||||||||||spa|d
082 0 4 |a 863  |b QUI  |2 21 
100 0 |a Quiroga, Horacio  |e author  |9 310554 
245 1 0 |a Cuentos 
300 |a v 
942 |c BK 
945 |d 19910604 00:00:00 
260 |a Montevideo  |b Arca  |c 1968 
500 |a t.1: 1905-1910 
650 0 |a Cuentos uruguayos  |9 265136 
583 |a last modification  |c 19910604 00:00:00  |k Rodrigo Vera 
490 0 |a Obras inéditas y desconocidas, 4 
999 |c 218947  |d 218945 
952 |0 0  |1 0  |4 0  |6 863_000000000000000_QUI_1968  |7 0  |8 A  |9 209326  |a BIBEDU  |b BIBEDU  |d 2019-11-15  |h t.1  |i 2771527  |o 863 QUI 1968  |p 2771527  |r 2019-11-15  |w 2019-11-15  |y BK  |k EDU